| 000 | 00455 a2200157 4500 | ||
|---|---|---|---|
| 005 | 20250527073745.0 | ||
| 020 | _a978-0-13-500937-6 | ||
| 082 | _aLECT 657.028 ROM | ||
| 100 | _aROMNEY, M. B. | ||
| 245 | _aAccounting Information Systems | ||
| 250 | _a11th Ed. | ||
| 260 |
_aNew Jersey, _bPearson Education International, _c2009. |
||
| 300 |
_a831p.: ill.; figure, graph, table. _bGlossary & index. _c28cm. |
||
| 700 | _aSTEINBART, P. J. | ||
| 942 |
_2ddc _cBKS |
||
| 999 |
_c2696 _d2696 |
||